| 000 | 03107nam a22005415i 4500 | ||
|---|---|---|---|
| 001 | 978-3-319-56330-5 | ||
| 003 | DE-He213 | ||
| 005 | 20210118125530.0 | ||
| 007 | cr nn 008mamaa | ||
| 008 | 170720s2017 gw | s |||| 0|eng d | ||
| 020 |
_a9783319563305 _9978-3-319-56330-5 |
||
| 024 | 7 |
_a10.1007/978-3-319-56330-5 _2doi |
|
| 050 | 4 | _aRF51-52 | |
| 072 | 7 |
_aMN _2bicssc |
|
| 072 | 7 |
_aMED085000 _2bisacsh |
|
| 072 | 7 |
_aMN _2thema |
|
| 072 | 7 |
_aMJP _2thema |
|
| 082 | 0 | 4 |
_a617.5 _223 |
| 100 | 1 |
_aKoltsidopoulos, Petros. _eauthor. _4aut _4http://id.loc.gov/vocabulary/relators/aut |
|
| 245 | 1 | 0 |
_aENT _h[electronic resource] : _bCore Knowledge / _cby Petros Koltsidopoulos, Charalampos Skoulakis, Stilianos Kountakis. |
| 250 | _a1st ed. 2017. | ||
| 264 | 1 |
_aCham : _bSpringer International Publishing : _bImprint: Springer, _c2017. |
|
| 300 |
_aXIV, 316 p. 25 illus., 23 illus. in color. _bonline resource. |
||
| 336 |
_atext _btxt _2rdacontent |
||
| 337 |
_acomputer _bc _2rdamedia |
||
| 338 |
_aonline resource _bcr _2rdacarrier |
||
| 347 |
_atext file _bPDF _2rda |
||
| 505 | 0 | _aEar -- Nose -- Larynx -- Salivary glands -- Neck -- Carcinomas -- Oesophagus -- Pharynx -- Oral cavity -- Thyroid gland -- Parathyroid glands. | |
| 520 | _aThis concise book summarises the basic knowledge required to be an otolaryngologist. It covers the 300 main ear, nose and throat diseases, summarizing the main symptoms of each disease, the required diagnostic process and the therapeutic approach. This compact presentation of knowledge is very useful and practical. The reader can quickly access essential information on the majority of the ENT diseases. ENT: Core Knowledge is ideal for ENT residents who are preparing for Board exams, for specialists who want to refresh and update their knowledge, and for general practitioners with a special interest in ENT. . | ||
| 650 | 0 | _aOtolaryngologic surgery. | |
| 650 | 1 | 4 |
_aHead and Neck Surgery. _0http://scigraph.springernature.com/things/product-market-codes/H46015 |
| 700 | 1 |
_aSkoulakis, Charalampos. _eauthor. _4aut _4http://id.loc.gov/vocabulary/relators/aut |
|
| 700 | 1 |
_aKountakis, Stilianos. _eauthor. _4aut _4http://id.loc.gov/vocabulary/relators/aut |
|
| 710 | 2 | _aSpringerLink (Online service) | |
| 773 | 0 | _tSpringer eBooks | |
| 776 | 0 | 8 |
_iPrinted edition: _z9783319563299 |
| 776 | 0 | 8 |
_iPrinted edition: _z9783319563312 |
| 856 | 4 | 0 | _uhttps://doi.org/10.1007/978-3-319-56330-5 |
| 912 | _aZDB-2-SME | ||
| 999 |
_c447012 _d447012 |
||
| 942 | _cEB | ||
| 506 | _aAvailable to subscribing member institutions only. Доступно лише організаціям членам підписки. | ||
| 506 | _fOnline access from local network of NaUOA. | ||
| 506 | _fOnline access with authorization at https://link.springer.com/ | ||
| 506 | _fОнлайн-доступ з локальної мережі НаУОА. | ||
| 506 | _fОнлайн доступ з авторизацією на https://link.springer.com/ | ||